Physical Science ; Class 10/ (Record no. 200894)

MARC details
000 -LEADER
fixed length control field 00649nam a22002057a 4500
005 - DATE AND TIME OF LATEST TRANSACTION
control field 20240219121531.0
010 ## - LCCN (DPL NO)
LC control number ENG-139357
020 ## - INTERNATIONAL STANDARD BOOK NUMBER
Terms of availability 217.00/-
International Standard Book Number 978-81-928022-1-3
035 ## - SYSTEM CONTROL NUMBER
System control number EN-122889
037 ## - SOURCE OF ACQUISITION
Source of stock number/acquisition DBAD/PUB
082 ## - DEWEY DECIMAL CLASSIFICATION NUMBER
Classification number 500
100 ## - MAIN ENTRY--PERSONAL NAME
Personal name Deepika , CH.
245 ## - TITLE STATEMENT
Title Physical Science ; Class 10/
Statement of responsibility, etc By CH. Deepika
Remainder of title Study Material with Question Bank
250 ## - EDITION STATEMENT
Edition statement first
260 ## - PUBLICATION, DISTRIBUTION, ETC. (IMPRINT)
Place of publication, distribution, etc Hyderabad
Name of publisher, distributor, etc Spectrum school bools
Date of publication, distribution, etc 2018
270 ## - ADDRESS
Address #326/C, Level-4, surneni Nilayam Near B.K. Guda Park S.R. Nagar Hyderabad-500038
300 ## - PHYSICAL DESCRIPTION
Extent 12. 478p.
Dimensions 28cm(pb)
700 ## - ADDED ENTRY--PERSONAL NAME
9 (RLIN) 62253
942 ## - ADDED ENTRY ELEMENTS (KOHA)
Source of classification or shelving scheme Dewey Decimal Classification
Item type English Books
Call number suffix PHY
Classification part 500
Holdings
Withdrawn status Lost status Not for loan Collection code Home library Current library Date acquired Source of acquisition Cost, normal purchase price Full call number Barcode Copy number Cost, replacement price Koha item type
      Non-fiction Tri Nagar Tri Nagar 19/02/2024 DBAD/PUB 217.00 PHY 500 EN-122889 1 217.00 English Books

© Delhi Public Library
Hit Counter
free hit counter